000 00427nam a2200145 a 4500
001 000031281
005 20200930062825.0
008 110617s2005 dr c 000 0 spa d
040 _aDO-SdBNP
_bspa
_cBNPHU
082 _axxxx
_bS941o
245 0 0 _aSubasta de obras de artes de artistas dominicanos.
260 _a[Santo Domingo] :
_bSuperintendencia de Seguros,
_c[2005].
300 _a52 p. :
_bretrs. ;
_c20 cm.
049 _aBNPD
999 _c30773
_d30773